000
00327nam a2200133Ia 4500
005
20260328104311.0
008
260328s9999||||xx |||||||||||||| ||und||
100
_a
Asensio, Oscar
245
0
_a
Casas Sustentables /
_c
Oscar Asensio
260
_b
Lexus
300
_a
194 p.
650
_a
ARQUITECTURA SOSTENIBLE
942
_c
BK
999
_c
10965
_d
10965